Viaje a la Alcarria.

Furkejuvvon:
Bibliográfalaš dieđut
Váldodahkki: Cela, Camilo José (autor)
Materiálatiipa: Girji
Almmustuhtton: Madrid, España: Espasa-Calpe, 1964.
Preanttus:Cuarta edición
Ráidu:Colección Austral
Fáttát:
Fáddágilkorat: Lasit fáddágilkoriid
Eai fáddágilkorat, Lasit vuosttaš fáddágilkora!

MARC

LEADER 00000cam a2200000 a 4500
001 UCF6170
003 CL-VaPUC
005 20230525114054.0
008 230519t1964 ||||| |||| 00| 0 eng d
999 |c 440911  |d 440909 
040 |c Pontificia Universidad Católica de Valparaíso 
082 0 4 |a 863 CEL 1964  |2 21 
100 0 |a Cela, Camilo José  |e autor  |9 320105 
245 1 0 |a Viaje a la Alcarria. 
246 1 4 |a Las botas de siete leguas 
250 |a Cuarta edición 
260 |a Madrid, España:  |b Espasa-Calpe,  |c 1964. 
300 |a 163 páginas. 
490 0 |a Colección Austral   |n  1141. 
500 |a c.1 Donación Edu Memo 16/5/2023. 
583 |a last modification  |c 20130418 10:21:00  |k Catalogador Asistente 
650 0 |a Novelas españolas  |9 265052 
650 0 |a Literatura española  |9 306261 
942 |c BK  |2 ddc 
952 |0 0  |1 0  |2 ddc  |4 0  |6 863_000000000000000_CEL_1964  |7 0  |8 A  |9 590090  |a BIBEDU  |b BIBEDU  |d 2023-05-19  |e Donación  |i 5657465  |o 863 CEL 1964  |p 5657465  |r 2023-05-19  |t 1  |w 2023-05-19  |y BK  |k LIT